000 00325nam a2200133Ia 4500
008 240624s9999 xx 000 0 und d
041 _aeng
082 _a300.72 THO
100 _aTHOMAS GARY
245 _aANATOMY OF THE CASE STUDY
260 _c2015
_aNew Delhi
_bSage
300 _aviii, 145 p.; 23 cm.
365 _cBPS
_b38
999 _c31038
_d31038